| 000 | 00589nam a2200217 a 4500 | ||
|---|---|---|---|
| 005 | 20140310183402.0 | ||
| 008 | 121005s19uu xx 00 eng d | ||
| 020 | _a9789810696870 | ||
| 050 |
_aTX 925 _b.Sa56 2013 |
||
| 100 | _aSanders, Edward | ||
| 245 |
_aProfessional Server : _ba training manual / |
||
| 250 | _a2nd | ||
| 260 |
_aSingapore : _bPearson Educ, _c2013. |
||
| 300 |
_a203 p. : _bill. ; _c35 cm. |
||
| 500 | _aIncludes index | ||
| 521 | _aTOU | ||
| 650 |
_aService-hotel _xtraining |
||
| 650 |
_aHotels _xDesigns and plans |
||
| 942 |
_cBK _2lcc _kFOR |
||
| 999 |
_c22338 _d22338 |
||